00000000nam##2200000za#4500
0019.665464
003CaOODSP
00520210615122240
007ta
008150407|2004||||xxc|||||     f|0| 0 fre|d
020 |a0-662-68148-7
040 |aCaOODSP|bfre
041 |aeng
041 |afre
043 |an-cn---
0861 |aSW21-112/2004
1101 |aCanada. |bCondition féminine Canada.
24510|aLes femmes handicapées et la libéralisation du commerce : |baccessing trade / |c[par] Deborah Stienstra ... [et al.].
260 |aOttawa - Ontario : |bCondition féminine Canada |c2004.
300 |aTexte français, viii, 81p. : |bgraphiques, références, tableaux ; |c28 cm.
5203 |aCette étude examine comment le commerce des services de santé et des appareils et accessoires fonctionnels a influé sur les femmes handicapées et dans quelle mesure les femmes entrepreneures handicapées ont accès aux services et aux renseignements commerciaux. Elle étudie les changements survenus au cours de la dernière décennie et cerne les obstacles et les avantages qui se sont présentés aux femmes handicapées dans le cadre des relations commerciales. L’étude recommande des mesures concrètes que peuvent prendre les gouvernements et les organisations du secteur privé pour répondre à ces préoccupations. Comprend des tableaux et des figures.
563 |aCouverture souple
590 |a04-32|b2004-08-06
69107|aAccessibilité (pour personne handicapée)|2gcpds
69107|aAide à la mobilité|2gcpds
69107|aCommerce|2gcpds
69107|aRégime de soins de santé|2gcpds
69107|aFemme|2gcpds
7201 |aStienstra, Deborah
7760#|tLes femmes handicapées et la libéralisation du commerce / |w(CaOODSP)9.631414
7760#|tWomen with disabilities : |w(CaOODSP)9.686950
791 |tWomen with disabilities : |eeng|w(CaOODSP)9.665463